00737nas a2200229Ia 4500001001600000003001000016008004100026040002500067041001300092100002200105210001900127222001900146245007700165250001100242260000900253501012300262300001400385362002700399500004700426650002300473700001100496A10/R172-52467 IT-MiCISF161014c99999999xx |||||||||||| ||und|| aIT-MiCISFcIT-MiCISF aITALIANO aCampanini Giorgio aVita pastorale aVita pastorale 0aInizia il dibattito. Un Sinodo sulla famiglia, un Sinodo per la famiglia a1a ed. c2013 bCISF - Centro Internazionale Studi Famiglia - Via Giotto, 36 20145 MILANO (non commercial uses only)cCopyright 2016 app. 44-46 an. 11, novembre [2013] a Tema: famiglia, chiesa, società, sinodo aFAMIGLIAvarticolo aAA.VV.